[Event "Aaronson Masters 1st"]
[Site "London"]
[Date "1978.03.25"]
[Round "4"]
[White "Soos, Bela"]
[Black "Perkins, Alan H"]
[Result "1-0"]
[WhiteElo "2425"]
[BlackElo "2310"]
[PlyCount "49"]
[EventDate "1978.03.23"]
[EventType "swiss"]
[EventRounds "10"]
[EventCountry "ENG"]
[SourceTitle "BritBase"]
[Source "John Saunders"]
[SourceDate "2023.12.16"]
[SourceVersion "1"]
[SourceVersionDate "2023.12.16"]
[SourceQuality "1"]

1. d4 Nf6 2. c4 e6 3. Nc3 Bb4 4. Qc2 c5 5. dxc5 Na6 6. a3 Bxc3+ 7. Qxc3 Nxc5 8.
b4 Nce4 9. Qd4 d5 10. c5 h6 11. f3 Ng5 12. h4 Ngh7 13. g4 Nf8 14. Bf4 Ng6 15.
Bd6 Bd7 16. e3 Rc8 17. Bd3 b6 18. h5 Ne7 19. Ne2 Rc6 20. Rc1 Nc8 21. Be5 bxc5
22. bxc5 a6 23. Kf2 Kf8 24. Qb4 Ne8 25. Nd4 1-0

[Event "Aaronson Masters 1st"]
[Site "London"]
[Date "1978.03.25"]
[Round "4"]
[White "Bellin, Robert"]
[Black "Lobo, Richard C"]
[Result "1-0"]
[WhiteElo "2415"]
[BlackElo "2370"]
[PlyCount "47"]
[EventDate "1978.03.23"]
[EventType "swiss"]
[EventRounds "10"]
[EventCountry "ENG"]
[SourceTitle "BritBase"]
[Source "John Saunders"]
[SourceDate "2023.12.16"]
[SourceVersion "1"]
[SourceVersionDate "2023.12.16"]
[SourceQuality "1"]

1. d4 Nf6 2. Bg5 d5 3. Bxf6 gxf6 4. Nc3 c5 5. e4 dxe4 6. dxc5 Qa5 7. Qh5 Nc6 8.
Bb5 f5 9. a3 Bg7 10. Nge2 e6 11. g4 fxg4 12. Qxg4 Rg8 13. Bxc6+ bxc6 14. Qxe4
Qxc5 15. Qxh7 Kf8 16. Qd3 f5 17. O-O-O Kf7 18. Qf3 Ke7 19. Rhe1 Rb8 20. Na4 Qb5
21. b3 Bh6+ 22. Kb1 Qxa4 23. Nd4 Kf7 24. Qh5+ 1-0

[Event "Aaronson Masters 1st"]
[Site "London"]
[Date "1978.03.25"]
[Round "4"]
[White "Sowray, Peter John"]
[Black "Brown, Simon D"]
[Result "1-0"]
[WhiteElo "2205"]
[BlackElo "2080"]
[PlyCount "44"]
[EventDate "1978.03.23"]
[EventType "swiss"]
[EventRounds "10"]
[EventCountry "ENG"]
[SourceTitle "BritBase"]
[Source "John Saunders"]
[SourceDate "2023.12.16"]
[SourceVersion "1"]
[SourceVersionDate "2023.12.16"]
[SourceQuality "1"]

1. e4 e6 2. d4 d5 3. Nd2 Nf6 4. e5 Nfd7 5. Ngf3 c5 6. c3 Nc6 7. Bd3 Be7 8. O-O
O-O 9. Qe2 Qb6 10. dxc5 Nxc5 11. Bc2 f5 12. exf6 Bxf6 13. b4 Nd7 14. Qxe6+ Rf7
15. Bxh7+ Kxh7 16. Qxf7 Nde5 17. Nxe5 Nxe5 18. Qxd5 Be6 19. Qe4+ g6 20. Qf4 Rf8
21. Ne4 Bg7 22. Qh4+ Kg8 1-0

[Event "Aaronson Masters 1st"]
[Site "London"]
[Date "1978.03.25"]
[Round "4"]
[White "Mestel, A Jonathan"]
[Black "Crouch, Colin S"]
[Result "0-1"]
[WhiteElo "2450"]
[BlackElo "2300"]
[PlyCount "42"]
[EventDate "1978.03.23"]
[EventType "swiss"]
[EventRounds "10"]
[EventCountry "ENG"]
[SourceTitle "BritBase"]
[Source "John Saunders"]
[SourceDate "2023.12.16"]
[SourceVersion "1"]
[SourceVersionDate "2023.12.16"]
[SourceQuality "1"]

1. e4 e5 2. Nf3 Nc6 3. Bb5 a6 4. Ba4 d6 5. O-O Bg4 6. h3 h5 7. d4 b5 8. Bb3
Nxd4 9. hxg4 hxg4 10. Ng5 Nh6 11. Bd5 Be7 12. c3 Bxg5 13. cxd4 Bxc1 14. Qxc1
Ra7 15. Qe3 Nf5 16. Bxf7+ Kxf7 17. Qb3+ Kf8 18. Qe6 Nxd4 19. Qxg4 Qh4 20. Qh3
Qxh3 21. gxh3 Nc2 0-1

[Event "Aaronson Masters 1st"]
[Site "London"]
[Date "1978.03.25"]
[Round "4"]
[White "Johnsen, Gunnar"]
[Black "Harding, Timothy David"]
[Result "1/2-1/2"]
[WhiteElo "2280"]
[BlackElo "2230"]
[Annotator "Harding,T"]
[PlyCount "42"]
[EventDate "1978.03.23"]
[EventType "swiss"]
[EventRounds "10"]
[EventCountry "ENG"]
[SourceTitle "Tim Harding"]
[Source "Tim Harding"]
[SourceDate "2023.12.23"]
[SourceVersion "1"]
[SourceVersionDate "2023.12.23"]
[SourceQuality "1"]

1. e4 e6 2. d3 d5 3. Nd2 Nf6 4. Ngf3 b6 5. g3 Bb7 6. Bg2 dxe4 7. Ng5 Nbd7 8.
O-O Qc8 9. Ndxe4 Nxe4 10. dxe4 Nf6 11. e5 Bxg2 12. Kxg2 Qb7+ 13. Kg1 Rd8 14.
Qe2 Nd7 15. Bf4 Be7 16. Rfe1 O-O 17. Qh5 h6 18. Ne4 Qc6 19. Qf3 Kh8 20. Qh5 Kg8
21. Qf3 Kh8 {Source: Tim Harding} 1/2-1/2

[Event "Aaronson Masters 1st"]
[Site "London"]
[Date "1978.03.25"]
[Round "4"]
[White "Law, Andrew P"]
[Black "Hartston, William Roland"]
[Result "1/2-1/2"]
[WhiteElo "2345"]
[BlackElo "2475"]
[PlyCount "25"]
[EventDate "1978.03.23"]
[EventType "swiss"]
[EventRounds "10"]
[EventCountry "ENG"]
[SourceTitle "BritBase"]
[Source "John Saunders"]
[SourceDate "2023.12.16"]
[SourceVersion "1"]
[SourceVersionDate "2023.12.16"]
[SourceQuality "1"]

1. Nf3 Nf6 2. c4 e6 3. d4 d5 4. Nc3 Be7 5. Bg5 O-O 6. e3 h6 7. Bh4 Ne4 8. Bxe7
Qxe7 9. Bd3 Nxc3 10. bxc3 Nd7 11. O-O e5 12. Be2 dxc4 13. Bxc4 1/2-1/2

[Event "Aaronson Masters 1st"]
[Site "London"]
[Date "1978.03.25"]
[Round "5"]
[White "Short, Nigel D"]
[Black "Littlewood, Paul E"]
[Result "1/2-1/2"]
[WhiteElo "2225"]
[BlackElo "2345"]
[PlyCount "131"]
[EventDate "1978.03.23"]
[EventType "swiss"]
[EventRounds "10"]
[EventCountry "ENG"]
[SourceTitle "BritBase"]
[Source "John Saunders"]
[SourceDate "2023.12.16"]
[SourceVersion "1"]
[SourceVersionDate "2023.12.16"]
[SourceQuality "1"]

1. e4 c5 2. Nf3 Nc6 3. Bb5 g6 4. O-O Bg7 5. Re1 e5 6. c3 Nge7 7. d4 cxd4 8.
cxd4 exd4 9. Bf4 a6 10. Bc4 d6 11. Nbd2 O-O 12. Rc1 h6 13. h3 d5 14. Bb3 Be6
15. e5 Qb6 16. Nf1 a5 17. Re2 g5 18. Bh2 Bf5 19. Bc2 Bxc2 20. Qxc2 Nb4 21. Qb1
Rac8 22. Rd1 Rc4 23. b3 d3 24. Red2 Rc3 25. a3 Nc2 26. Rxd3 Nxa3 27. Qb2 Rc2
28. Qd4 Qxd4 29. Nxd4 Rc5 30. Ra1 Nc2 31. Nxc2 Rxc2 32. Rxa5 Rd8 33. Rb5 Rd7
34. g4 d4 35. Ng3 Rc3 36. Rd1 Nc6 37. Ne4 Rc2 38. Nd6 Bxe5 39. Rxe5 Nxe5 40.
Bxe5 f6 41. Ne4 fxe5 42. Nf6+ Kf7 43. Nxd7 Ke6 44. Nb6 Rc3 45. Rb1 Rxh3 46. Kg2
Rc3 47. Kf1 e4 48. Nc4 Kd5 49. Ke2 b5 50. Nd2 Ke5 51. f3 exf3+ 52. Nxf3+ Ke4
53. Nd2+ Kf4 54. Rh1 d3+ 55. Kd1 Rc6 56. Rg1 Ra6 57. Kc1 Ra1+ 58. Nb1 Ra2 59.
Rh1 Rc2+ 60. Kd1 Rg2 61. Nc3 Rb2 62. Rxh6 Rxb3 63. Kd2 Kxg4 64. Rb6 b4 65. Nd5
Kf3 66. Rxb4 1/2-1/2

[Event "Aaronson Masters 1st"]
[Site "London"]
[Date "1978.03.25"]
[Round "5"]
[White "Ornstein, Axel"]
[Black "Crouch, Colin S"]
[Result "1-0"]
[WhiteElo "2425"]
[BlackElo "2300"]
[PlyCount "119"]
[EventDate "1978.03.23"]
[EventType "swiss"]
[EventRounds "10"]
[EventCountry "ENG"]
[SourceTitle "BritBase"]
[Source "John Saunders"]
[SourceDate "2023.12.16"]
[SourceVersion "1"]
[SourceVersionDate "2023.12.16"]
[SourceQuality "1"]

1. Nf3 Nf6 2. c4 e6 3. Nc3 d5 4. d4 c6 5. Qd3 dxc4 6. Qxc4 b5 7. Qb3 b4 8. Na4
Qd5 9. Bf4 Ba6 10. Rc1 Nbd7 11. Qxd5 Nxd5 12. Bg3 Bb5 13. Nc5 Nxc5 14. dxc5 Nf6
15. Nd2 O-O-O 16. e4 Bxf1 17. Rxf1 Kb7 18. f3 Ka6 19. Nc4 Bxc5 20. Ne5 Be3 21.
Rxc6+ Kb7 22. Rc2 Rc8 23. Nc4 Bc5 24. Ke2 Nh5 25. Bd6 Ka8 26. Rfc1 Rhd8 27. Bg3
Nxg3+ 28. hxg3 Kb8 29. Na5 Bd4 30. Nc6+ Rxc6 31. Rxc6 Bxb2 32. Rb1 Ba3 33. Rd1
Rxd1 34. Kxd1 Bb2 35. Rc4 Bc3 36. a3 a5 37. Rc5 Bd4 38. Rxa5 bxa3 39. Rxa3 Bf2
40. g4 Kc8 41. Ke2 Bb6 42. Kd3 Kd8 43. Rb3 Bf2 44. Rb7 Ke8 45. Kc4 Bg3 46. Kb5
h6 47. Kc6 Bf4 48. Rb5 Ke7 49. e5 Bc1 50. Rb3 g6 51. Rb1 Bf4 52. Rb7+ Kf8 53.
Kd6 Bg3 54. Rb5 Bf4 55. Kd7 Bg3 56. Rb8+ Kg7 57. Ke8 f5 58. Rb7+ Kg8 59. gxf5
gxf5 60. Ke7 1-0

[Event "Aaronson Masters 1st"]
[Site "London"]
[Date "1978.03.25"]
[Round "5"]
[White "Haik, Aldo"]
[Black "Carleton, John Joseph"]
[Result "1-0"]
[WhiteElo "2425"]
[BlackElo "2280"]
[PlyCount "113"]
[EventDate "1978.03.23"]
[EventType "swiss"]
[EventRounds "10"]
[EventCountry "ENG"]
[SourceTitle "BritBase"]
[Source "John Saunders"]
[SourceDate "2023.12.16"]
[SourceVersion "1"]
[SourceVersionDate "2023.12.16"]
[SourceQuality "1"]

1. d4 d5 2. c4 e6 3. Nc3 Nc6 4. Nf3 Bb4 5. e3 Nf6 6. a3 Bxc3+ 7. bxc3 O-O 8. a4
Re8 9. Be2 Ne4 10. Bb2 Na5 11. Qc2 b6 12. cxd5 exd5 13. O-O Bf5 14. Bd3 c5 15.
dxc5 bxc5 16. c4 Nc6 17. cxd5 Nb4 18. Qc4 Nxd3 19. Qxd3 Ng3 20. Qd2 Nxf1 21.
Rxf1 Be4 22. Rd1 Bxf3 23. gxf3 Qg5+ 24. Kf1 Rad8 25. Qc3 Rd6 26. Qxc5 Rh6 27.
Qxa7 Rxh2 28. Ke2 h5 29. d6 Rg2 30. Qd4 Rd8 31. e4 h4 32. Qe5 h3 33. Qxg5 Rxg5
34. e5 h2 35. Rh1 Rh5 36. Bd4 f6 37. f4 g5 38. Bb6 Rd7 39. Bc7 gxf4 40. e6 Re5+
41. Kf3 Rxe6 42. Rxh2 Re1 43. Rh4 Kf7 44. Rxf4 Ra1 45. a5 Ke6 46. Re4+ Kd5 47.
Re3 Rh7 48. Kf4 Kc6 49. Kf5 Rf1 50. Ke6 Rxf2 51. d7 Rxd7 52. Rc3+ Kb7 53. Kxd7
Rd2+ 54. Bd6 Rd5 55. Rb3+ Ka6 56. Kc6 Rxa5 57. Bc5 1-0

[Event "Aaronson Masters 1st"]
[Site "London"]
[Date "1978.03.25"]
[Round "5"]
[White "Franklin, Michael J"]
[Black "Ligterink, Gert"]
[Result "1/2-1/2"]
[WhiteElo "2315"]
[BlackElo "2440"]
[PlyCount "81"]
[EventDate "1978.03.23"]
[EventType "swiss"]
[EventRounds "10"]
[EventCountry "ENG"]
[SourceTitle "BritBase"]
[Source "John Saunders"]
[SourceDate "2023.12.16"]
[SourceVersion "1"]
[SourceVersionDate "2023.12.16"]
[SourceQuality "1"]

1. d4 Nf6 2. Nf3 g6 3. Bf4 Bg7 4. e3 O-O 5. Nbd2 d6 6. Bc4 Nc6 7. c3 Qe8 8. O-O
e5 9. Bg3 Qe7 10. h3 Kh8 11. b4 e4 12. Ne1 Nh5 13. Bh2 f5 14. Nc2 f4 15. exf4
Nxf4 16. Ne3 Qg5 17. Nxe4 Nxh3+ 18. Kh1 Qh4 19. f3 Ng5 20. Qe1 Qh5 21. Nxg5
Qxg5 22. Nd5 Qd8 23. Qd2 Be6 24. Rfe1 Bg8 25. Bb3 a6 26. Re4 Qd7 27. Rae1 Bxd5
28. Bxd5 Rae8 29. Qe2 Rxe4 30. Qxe4 Bf6 31. a4 Kg7 32. Bb3 Nd8 33. Bg3 c6 34.
Kg1 d5 35. Qe3 Rf7 36. Be5 Re7 37. f4 Bxe5 38. fxe5 Ne6 39. Bd1 Rf7 40. Bg4 Qe7
41. Bxe6 1/2-1/2

[Event "Aaronson Masters 1st"]
[Site "London"]
[Date "1978.03.25"]
[Round "5"]
[White "Hartston, William Roland"]
[Black "Basman, Michael John"]
[Result "0-1"]
[WhiteElo "2475"]
[BlackElo "2395"]
[PlyCount "72"]
[EventDate "1978.03.23"]
[EventType "swiss"]
[EventRounds "10"]
[EventCountry "ENG"]
[SourceTitle "BritBase"]
[Source "John Saunders"]
[SourceDate "2023.12.16"]
[SourceVersion "1"]
[SourceVersionDate "2023.12.16"]
[SourceQuality "1"]

1. d4 d5 2. c4 c6 3. Nf3 Nf6 4. cxd5 cxd5 5. Nc3 Nc6 6. Bf4 Nh5 7. Be5 f6 8.
Bg3 Qa5 9. e3 e6 10. Bd3 Bb4 11. Nd2 Nxg3 12. hxg3 Bxc3 13. bxc3 Qxc3 14. Rxh7
Rxh7 15. Bxh7 Bd7 16. Rc1 Qa3 17. Qh5+ Ke7 18. Rc2 Rh8 19. g4 Be8 20. Qh2 Qd6
21. Qh3 Bg6 22. Bxg6 Rxh3 23. gxh3 Qh2 24. Rb2 b6 25. Bd3 Qxh3 26. Be2 Kd6 27.
Nf1 Qh1 28. Bb5 Na5 29. Be2 Nc4 30. Rc2 b5 31. Rc1 a6 32. a4 bxa4 33. Ra1 Qh7
34. Nd2 Qc2 35. Bxc4 dxc4 36. Ra3 Ke7 0-1

[Event "Aaronson Masters 1st"]
[Site "London"]
[Date "1978.03.25"]
[Round "5"]
[White "Baczynskyj, Boris"]
[Black "Kinlay, Jonathan"]
[Result "1-0"]
[WhiteElo "2370"]
[BlackElo "2300"]
[PlyCount "67"]
[EventDate "1978.03.23"]
[EventType "swiss"]
[EventRounds "10"]
[EventCountry "ENG"]
[SourceTitle "BritBase"]
[Source "John Saunders"]
[SourceDate "2023.12.16"]
[SourceVersion "1"]
[SourceVersionDate "2023.12.16"]
[SourceQuality "1"]

1. e4 c5 2. Nf3 Nf6 3. d3 Nc6 4. g3 e6 5. Bg2 d5 6. Nbd2 Be7 7. O-O O-O 8. e5
Nd7 9. Re1 b5 10. Nf1 b4 11. h4 a5 12. N1h2 a4 13. Ng4 a3 14. bxa3 bxa3 15. h5
Ba6 16. h6 g6 17. Bxa3 Qa5 18. Bc1 c4 19. Bf1 cxd3 20. Bxd3 Bxd3 21. cxd3 Rfc8
22. Bg5 Bxg5 23. Nxg5 Nd4 24. Rb1 Ra7 25. Kg2 Rac7 26. Nf3 Nc2 27. Re2 Na3 28.
Rbb2 Nb5 29. Qh1 Nc3 30. Rec2 f5 31. exf6 d4 32. Qh4 Qd5 33. Qg5 Qa8 34. Qf4
1-0

[Event "Aaronson Masters 1st"]
[Site "London"]
[Date "1978.03.25"]
[Round "5"]
[White "Brown, Simon D"]
[Black "Fuller, Maxwell L"]
[Result "1-0"]
[WhiteElo "2080"]
[BlackElo "2390"]
[PlyCount "59"]
[EventDate "1978.03.23"]
[EventType "swiss"]
[EventRounds "10"]
[EventCountry "ENG"]
[SourceTitle "BritBase"]
[Source "John Saunders"]
[SourceDate "2023.12.16"]
[SourceVersion "1"]
[SourceVersionDate "2023.12.16"]
[SourceQuality "1"]

1. d4 Nf6 2. Nc3 d5 3. Bg5 Bf5 4. f3 c6 5. Qd2 Nbd7 6. O-O-O b5 7. e4 dxe4 8.
d5 b4 9. dxc6 bxc3 10. Qxc3 Rc8 11. Bxf6 gxf6 12. fxe4 Bh6+ 13. Kb1 Qb6 14.
exf5 Nc5 15. Qd4 O-O 16. Bc4 Kh8 17. Ne2 Rfd8 18. Qg4 Bd2 19. Nd4 Na4 20. Nb3
Rxc6 21. Bxf7 Nc3+ 22. bxc3 Bxc3 23. Rxd8+ Qxd8 24. Rd1 Rd6 25. Rxd6 exd6 26.
Be6 d5 27. Qf3 d4 28. Qc6 Qe7 29. Qc8+ Kg7 30. Qd7 1-0

[Event "Aaronson Masters 1st"]
[Site "London"]
[Date "1978.03.25"]
[Round "5"]
[White "Webb, Simon"]
[Black "Bellin, Robert"]
[Result "1/2-1/2"]
[WhiteElo "2445"]
[BlackElo "2415"]
[PlyCount "58"]
[EventDate "1978.03.23"]
[EventType "swiss"]
[EventRounds "10"]
[EventCountry "ENG"]
[SourceTitle "BritBase"]
[Source "John Saunders"]
[SourceDate "2023.12.16"]
[SourceVersion "1"]
[SourceVersionDate "2023.12.16"]
[SourceQuality "1"]

1. Nf3 f5 2. g3 Nf6 3. Bg2 e6 4. O-O Be7 5. c4 O-O 6. Nc3 d5 7. e3 Nc6 8. b3
Ne4 9. Bb2 Bf6 10. d4 Bd7 11. Ne2 g5 12. Ne5 Bg7 13. f3 Nf6 14. Qd3 Qe7 15. Nc3
f4 16. g4 Be8 17. cxd5 Nxd5 18. Nxd5 exd5 19. Rfe1 Nxe5 20. dxe5 Rd8 21. exf4
gxf4 22. Bf1 c5 23. Qd2 h5 24. gxh5 Bxh5 25. Qf2 Rf5 26. Bd3 Rg5+ 27. Kh1 Qe6
28. Rg1 Rxg1+ 29. Rxg1 Qh3 1/2-1/2

[Event "Aaronson Masters 1st"]
[Site "London"]
[Date "1978.03.25"]
[Round "5"]
[White "Shapiro, Daniel E"]
[Black "Supancic, Darko"]
[Result "1-0"]
[WhiteElo "2350"]
[BlackElo "2335"]
[PlyCount "55"]
[EventDate "1978.03.23"]
[EventType "swiss"]
[EventRounds "10"]
[EventCountry "ENG"]
[SourceTitle "BritBase"]
[Source "John Saunders"]
[SourceDate "2023.12.16"]
[SourceVersion "1"]
[SourceVersionDate "2023.12.16"]
[SourceQuality "1"]

1. d4 Nf6 2. c4 e6 3. Nf3 d5 4. Nc3 c6 5. cxd5 exd5 6. Qc2 Be7 7. Bg5 O-O 8. e3
Re8 9. Bd3 Nbd7 10. O-O Nf8 11. Rab1 Ng6 12. Ne5 Nd7 13. Bxe7 Qxe7 14. f4 Ngf8
15. Rf3 f6 16. Ng4 Nb6 17. Nf2 g6 18. f5 g5 19. Re1 Bd7 20. h4 h6 21. hxg5 hxg5
22. Qb3 Kg7 23. Rh3 Rad8 24. Qd1 Qf7 25. Ng4 Re7 26. Qf3 Bc8 27. Qg3 Nh7 28.
Rxh7+ 1-0

[Event "Aaronson Masters 1st"]
[Site "London"]
[Date "1978.03.25"]
[Round "5"]
[White "Clark, Gary M"]
[Black "Mestel, A Jonathan"]
[Result "0-1"]
[WhiteElo "2130"]
[BlackElo "2450"]
[PlyCount "48"]
[EventDate "1978.03.23"]
[EventType "swiss"]
[EventRounds "10"]
[EventCountry "ENG"]
[SourceTitle "BritBase"]
[Source "John Saunders"]
[SourceDate "2023.12.16"]
[SourceVersion "1"]
[SourceVersionDate "2023.12.16"]
[SourceQuality "1"]

1. e4 c5 2. Nf3 d6 3. Be2 Nf6 4. c3 Bd7 5. d3 Nc6 6. O-O g6 7. Re1 Bg7 8. Bf1
O-O 9. h3 Rc8 10. d4 cxd4 11. cxd4 d5 12. e5 Ne4 13. Qb3 e6 14. Nbd2 f5 15.
exf6 Nxf6 16. Bd3 Nh5 17. Nf1 Rxf3 18. gxf3 Nxd4 19. Qd1 e5 20. Nh2 Bxh3 21.
Kh1 Qh4 22. Be3 Rf8 23. Rg1 Nxf3 24. Nxf3 Rxf3 0-1

[Event "Aaronson Masters 1st"]
[Site "London"]
[Date "1978.03.25"]
[Round "5"]
[White "Diesen, Mark C"]
[Black "Law, Andrew P"]
[Result "1/2-1/2"]
[WhiteElo "2440"]
[BlackElo "2345"]
[PlyCount "23"]
[EventDate "1978.03.23"]
[EventType "swiss"]
[EventRounds "10"]
[EventCountry "ENG"]
[SourceTitle "BritBase"]
[Source "John Saunders"]
[SourceDate "2023.12.16"]
[SourceVersion "1"]
[SourceVersionDate "2023.12.16"]
[SourceQuality "1"]

1. e4 c5 2. Nf3 e6 3. d4 cxd4 4. Nxd4 Nf6 5. Nc3 d6 6. Be3 Be7 7. Qf3 O-O 8.
O-O-O Nc6 9. Be2 Nxd4 10. Bxd4 Qa5 11. Qg3 Bd7 12. e5 1/2-1/2

[Event "Aaronson Masters 1st"]
[Site "London"]
[Date "1978.03.25"]
[Round "5"]
[White "Silman, Jeremy D"]
[Black "Werner, Dimo"]
[Result "1-0"]
[WhiteElo "2360"]
[BlackElo "2255"]
[PlyCount "81"]
[EventDate "1978.03.23"]
[EventType "swiss"]
[EventRounds "10"]
[EventCountry "ENG"]
[SourceTitle "BritBase"]
[Source "John Saunders"]
[SourceDate "2023.12.16"]
[SourceVersion "1"]
[SourceVersionDate "2023.12.16"]
[SourceQuality "1"]

1. e4 e6 2. d4 d5 3. Nd2 Nf6 4. e5 Nfd7 5. f4 c5 6. c3 Nc6 7. Ndf3 Qa5 8. Be3
Qb6 9. Qc2 f5 10. Ne2 c4 11. Ng5 Ne7 12. h3 a5 13. g4 h6 14. Nf3 h5 15. Rg1
hxg4 16. hxg4 Qc6 17. Bf2 Nb6 18. Bh4 Bd7 19. Kd2 fxg4 20. Rxg4 Nf5 21. Bg5 Nc8
22. Nh4 Nce7 23. Nxf5 exf5 24. Rg3 Be6 25. Bh3 Qd7 26. Ng1 O-O-O 27. Nf3 Re8
28. Nh4 Kb8 29. Rag1 Rh5 30. Ke3 Ka8 31. Rb1 g6 32. b4 axb4 33. Rxb4 Nc6 34.
Rb2 Bf7 35. Bg2 Rxg5 36. fxg5 Nxe5 37. dxe5 f4+ 38. Kxf4 Rxe5 39. Re3 Rxe3 40.
Kxe3 Bc5+ 41. Kd2 {Source: Andy Ansel (24 December 2023)} 1-0

[Event "Aaronson Masters 1st"]
[Site "London"]
[Date "1978.03.26"]
[Round "6"]
[White "Soos, Bela"]
[Black "Short, Nigel D"]
[Result "1-0"]
[WhiteElo "2425"]
[BlackElo "2225"]
[PlyCount "105"]
[EventDate "1978.03.23"]
[EventType "swiss"]
[EventRounds "10"]
[EventCountry "ENG"]
[SourceTitle "BritBase"]
[Source "John Saunders"]
[SourceDate "2023.12.16"]
[SourceVersion "1"]
[SourceVersionDate "2023.12.16"]
[SourceQuality "1"]

1. d4 e6 2. Nf3 Nf6 3. Bf4 c5 4. e3 Qb6 5. Qc1 Nc6 6. c3 d5 7. h3 cxd4 8. exd4
Be7 9. Nbd2 O-O 10. Bd3 Bd7 11. O-O Rac8 12. Qb1 Na5 13. Re1 Qd8 14. Ne5 b5 15.
a3 h6 16. g4 Nc4 17. Re2 a5 18. Bh2 Ne8 19. f4 Nxd2 20. Rxd2 Nd6 21. Re2 Be8
22. f5 exf5 23. gxf5 b4 24. axb4 axb4 25. Qe1 Bg5 26. Nf3 Bf6 27. Ra6 Nb5 28.
Be5 Bxe5 29. dxe5 bxc3 30. f6 cxb2 31. Rxb2 g5 32. Rg2 Kh8 33. Nxg5 Rc4 34.
Bxc4 dxc4 35. Rd2 Nd4 36. Qh4 Nf5 37. Qxh6+ Nxh6 38. Rxd8 Rg8 39. h4 c3 40. Ra3
c2 41. Rc3 Nf5 42. Rxc2 Nxh4 43. Kh2 Rxg5 44. Rxe8+ Kh7 45. Rc3 Kg6 46. Rh3 Rh5
47. Kg1 Kf5 48. Kf2 Kg4 49. Rg3+ Kf5 50. Rh3 Kg4 51. Rh1 Kf5 52. Kg3 Kg5 53.
Rxh4 1-0

[Event "Aaronson Masters 1st"]
[Site "London"]
[Date "1978.03.26"]
[Round "6"]
[White "Crouch, Colin S"]
[Black "Franklin, Michael J"]
[Result "0-1"]
[WhiteElo "2300"]
[BlackElo "2315"]
[PlyCount "92"]
[EventDate "1978.03.23"]
[EventType "swiss"]
[EventRounds "10"]
[EventCountry "ENG"]
[SourceTitle "BritBase"]
[Source "John Saunders"]
[SourceDate "2023.12.16"]
[SourceVersion "1"]
[SourceVersionDate "2023.12.16"]
[SourceQuality "1"]

1. e4 c5 2. Nf3 a6 3. c3 d5 4. exd5 Qxd5 5. d4 e6 6. Be2 Nf6 7. O-O Nc6 8. Be3
cxd4 9. Nxd4 Bd7 10. Bf3 Qd6 11. Nd2 Qc7 12. Re1 Bd6 13. Nf5 Bxh2+ 14. Kh1 Bf4
15. Nxg7+ Kf8 16. Nh5 Nxh5 17. Bxh5 Bxe3 18. Rxe3 Ne5 19. Qb3 Ng6 20. Qb4+ Kg7
21. Kg1 a5 22. Qd4+ e5 23. Qc4 Qxc4 24. Nxc4 f6 25. Bf3 Ra7 26. Nb6 Be6 27. Rd1
Re8 28. c4 Nh4 29. Rd6 Nf5 30. Red3 Nxd6 31. Rxd6 a4 32. Bd1 a3 33. b3 Bf5 34.
c5 Ra5 35. b4 Ra7 36. Bb3 e4 37. Nd5 Be6 38. b5 Bxd5 39. Bxd5 Re7 40. Rb6 f5
41. c6 bxc6 42. Bxc6 Re5 43. Rb8 Ra4 44. Rc8 f4 45. b6 Rb4 46. Rc7+ Kh6 0-1

[Event "Aaronson Masters 1st"]
[Site "London"]
[Date "1978.03.26"]
[Round "6"]
[White "Goodman, David SC"]
[Black "Webb, Simon"]
[Result "0-1"]
[WhiteElo "2320"]
[BlackElo "2445"]
[PlyCount "86"]
[EventDate "1978.03.23"]
[EventType "swiss"]
[EventRounds "10"]
[EventCountry "ENG"]
[SourceTitle "BritBase"]
[Source "John Saunders"]
[SourceDate "2023.12.16"]
[SourceVersion "1"]
[SourceVersionDate "2023.12.16"]
[SourceQuality "1"]

1. d4 Nf6 2. c4 c5 3. d5 b5 4. cxb5 a6 5. f3 axb5 6. e4 d6 7. Bxb5+ Bd7 8.
Bxd7+ Nbxd7 9. Ne2 g6 10. Bd2 Bg7 11. Bc3 O-O 12. Nd2 Nb6 13. a4 Qc8 14. a5 Qa6
15. b3 Nbd7 16. Nc4 Ne8 17. O-O Nc7 18. f4 Nf6 19. Qd3 Rfe8 20. Bxf6 Bxf6 21.
e5 Bg7 22. Qf3 Rad8 23. Rad1 Nb5 24. h4 e6 25. dxe6 fxe6 26. h5 d5 27. Nd2 gxh5
28. Qxh5 Qa7 29. Rf3 Qf7 30. Qh4 Rd7 31. Rh3 Qg6 32. Nf3 d4 33. Ng3 Nc3 34. Rd2
Rb8 35. Nh5 Ne4 36. Re2 Kh8 37. Rxe4 Qxe4 38. Ng5 Qg6 39. Ng3 h6 40. N3e4 Kg8
41. Nf6+ Bxf6 42. exf6 Qxf6 43. Rg3 Rg7 0-1

[Event "Aaronson Masters 1st"]
[Site "London"]
[Date "1978.03.26"]
[Round "6"]
[White "Carleton, John Joseph"]
[Black "Valvo, Michael J"]
[Result "0-1"]
[WhiteElo "2280"]
[BlackElo "2530"]
[PlyCount "74"]
[EventDate "1978.03.23"]
[EventType "swiss"]
[EventRounds "10"]
[EventCountry "ENG"]
[SourceTitle "BritBase"]
[Source "John Saunders"]
[SourceDate "2023.12.16"]
[SourceVersion "1"]
[SourceVersionDate "2023.12.16"]
[SourceQuality "1"]

1. e4 Nf6 2. e5 Nd5 3. d4 d6 4. Nf3 dxe5 5. Nxe5 g6 6. h4 Bg7 7. h5 Nb4 8. c3
N4c6 9. f4 Qd5 10. Nd2 Nxe5 11. dxe5 O-O 12. Qb3 Be6 13. Qxd5 Bxd5 14. Nc4 Nd7
15. Be3 Nb6 16. Na5 Rfd8 17. hxg6 hxg6 18. Rh2 f6 19. c4 Be4 20. c5 Nd5 21. Bc4
e6 22. Bd4 Nxf4 23. exf6 Rxd4 24. fxg7 Kxg7 25. Bf1 Bd5 26. Nb3 Re4+ 27. Kd2
Rd8 28. Kc2 Re3 29. Nd2 Bxg2 30. Bc4 Bh3 31. Rah1 Bf5+ 32. Kc1 g5 33. Nb3 b6
34. Rd2 Rxd2 35. Kxd2 Rf3 36. Rg1 Kf6 37. c6 e5 0-1

[Event "Aaronson Masters 1st"]
[Site "London"]
[Date "1978.03.26"]
[Round "6"]
[White "Law, Andrew P"]
[Black "Ornstein, Axel"]
[Result "1-0"]
[WhiteElo "2345"]
[BlackElo "2425"]
[PlyCount "73"]
[EventDate "1978.03.23"]
[EventType "swiss"]
[EventRounds "10"]
[EventCountry "ENG"]
[SourceTitle "BritBase"]
[Source "John Saunders"]
[SourceDate "2023.12.16"]
[SourceVersion "1"]
[SourceVersionDate "2023.12.16"]
[SourceQuality "1"]

1. Nf3 Nf6 2. c4 b6 3. Nc3 Bb7 4. d4 e6 5. Bg5 h6 6. Bh4 g5 7. Bg3 Nh5 8. Qc2
Nxg3 9. hxg3 Bg7 10. O-O-O g4 11. Ne1 Nc6 12. e3 Qg5 13. Kb1 O-O-O 14. Nd3 Kb8
15. a3 h5 16. Nf4 h4 17. Be2 hxg3 18. Ne4 Qf5 19. Nxg3 Qxc2+ 20. Kxc2 e5 21.
Nfh5 Bf8 22. d5 Ne7 23. Bxg4 c6 24. Nf6 Rxh1 25. Rxh1 cxd5 26. Nxd7+ Kc7 27.
Nxe5 Bg7 28. Nf3 dxc4 29. Rh7 Rg8 30. Bh5 Nf5 31. Bxf7 Nxg3 32. Bxg8 Be4+ 33.
Kc1 Bxh7 34. Bxh7 Nh1 35. Ng5 Bh6 36. f4 Nf2 37. Bf5 1-0